| 000 | 00776cab a2200181 4500 | ||
|---|---|---|---|
| 001 | ##L131497 | ||
| 008 | 051108n2005 000 0 eng u | ||
| 035 | _a(Sirsi) u131497 | ||
| 041 | 0 | _aeng | |
| 100 | 1 |
_aLatham, Michael _cSir _d1942- |
|
| 245 | 0 | 0 | _aReviewing the review |
| 260 | _c2005 | ||
| 490 | 0 |
_aBuilding _v270(37) 16 September 2005, 39(1) |
|
| 520 | _aReports on the DTI review of the payment and adjudication procedures of the Housing Grants, Construction and Regeneration Act 1996. Outlines the purpose of the review, and the progress so far. The consultation period has now ended, and the DTI's reaction and proposals are awaited. | ||
| 650 | 2 | 4 | _aHOUSING GRANTS, CONSTRUCTION AND REGENERATION ACT 1996 |
| 690 | _aMANAGEMENT-CORPORATE RECOVERY | ||
| 942 | _n0 | ||
| 999 |
_c76124 _d76124 |
||